000 00538nam a2200193Ia 4500
005 20250508165556.0
008 008 250505s9999 xx 000 0 eng d
037 _aTextBook
040 _aFEDL
_beng
_cFEDL
041 _aeng
_2eng
084 _a370.192, FRE/R
_qFEDL
100 _aFreire Paulo
245 0 _aEducation for critical consciousness
260 _aNew Delhi, India
_bBloomsbury Academic
_c1974
300 _axvii, 145p.
365 _aINR
_b599
942 _cTB
_h370.192, FRE/R
999 _c1395957
_d1395957